[Event "Lignano Sabbiadoro op 2nd"]
[Site "Lignano Sabbiadoro"]
[Date "2016.08.07"]
[Round "9"]
[White "Bonassi, Tommaso"]
[Black "Simonetto, Adriano"]
[Result "0-1"]
[WhiteElo "2015"]
[BlackElo "2099"]
[PlyCount "64"]
[EventDate "2016.07.31"]
[EventType "swiss"]
[EventRounds "9"]
[EventCountry "ITA"]
[SourceTitle "CBM 173 Extra"]
[Source "ChessBase"]
[SourceDate "2016.08.29"]
[SourceVersion "1"]
[SourceVersionDate "2016.08.29"]
[SourceQuality "1"]

1. e4 e6 2. Nf3 d5 3. e5 c5 4. b4 cxb4 5. a3 Nc6 6. axb4 Bxb4 7. c3 Be7 8. d4 Bd7 9. Bd3 Na5 10. Na3 a6 11. 0-0 Rc8 12. Bd2 Nc4 13. Nxc4 dxc4 14. Bb1 Bc6 15. Ne1 f5 16. exf6 Nxf6 17. Nf3 0-0 18. Re1 Bd5 19. Ng5 Rc6 20. Qc2 h6 21. Nh7 Rf7 22. Qg6 e5 23. Nxf6+ Rfxf6 24. Qh7+ Kf7 25. dxe5 Rg6 26. Bxg6+ Rxg6 27. e6+ Bxe6 28. Bf4 Bf5 29. Rad1 Qf8 30. Bxh6 Rxg2+ 31. Kxg2 Bxh7 32. Bf4 Bd3 0-1

[Event "Lignano Sabbiadoro op 2nd"]
[Site "Lignano Sabbiadoro"]
[Date "2016.07.31"]
[Round "1"]
[White "Simonetto, Adriano"]
[Black "Solomon, Kenny"]
[Result "0-1"]
[WhiteElo "2099"]
[BlackElo "2380"]
[PlyCount "87"]
[EventDate "2016.07.31"]
[EventType "swiss"]
[EventRounds "9"]
[EventCountry "ITA"]
[SourceTitle "CBM 173 Extra"]
[Source "ChessBase"]
[SourceDate "2016.08.29"]
[SourceVersion "1"]
[SourceVersionDate "2016.08.29"]
[SourceQuality "1"]

1. d4 Nf6 2. c4 e6 3. Nc3 Bb4 4. e3 0-0 5. Bd3 d5 6. Nf3 c5 7. 0-0 Nc6 8. cxd5 exd5 9. dxc5 Bg4 10. Na4 Qe7 11. b3 Ne4 12. Qc2 Bxf3 13. gxf3 Ng5 14. f4 Nf3+ 15. Kg2 Ne1+ 16. Rxe1 Bxe1 17. Bb2 Ba5 18. Bxh7+ Kh8 19. Rg1 Rad8 20. Bf5 d4 21. Kh1 Rfe8 22. Qd1 g6 23. exd4 Rd5 24. Bd3 Qh4 25. Qf3 Rh5 26. d5+ Kh7 27. Qg3 Qxg3 28. Rxg3 Nb4 29. d6 Re1+ 30. Kg2 Nd5 31. Kf3 Rxh2 32. f5 Rh6 33. fxg6+ fxg6 34. Be4 Rd1 35. Rg5 Rh3+ 36. Rg3 Rh6 37. a3 b5 38. Bxd5 Rxd5 39. Nc3 Rxc5 40. Ne4 Rf5+ 41. Ke2 Bd8 42. Rc3 Rh4 43. Ng3 Re5+ 44. Kd2 0-1

[Event "Lignano Sabbiadoro op 1st"]
[Site "Lignano Sabbiadoro"]
[Date "2015.08.05"]
[Round "6.5"]
[White "Simonetto, Adriano"]
[Black "Vuelban, Virgilio"]
[Result "0-1"]
[WhiteElo "2065"]
[BlackElo "2349"]
[PlyCount "124"]
[EventDate "2015.08.01"]
[EventType "swiss"]
[EventRounds "9"]
[EventCountry "ITA"]
[SourceTitle "EXT 2024"]
[Source "ChessBase"]
[SourceDate "2023.10.10"]
[SourceVersion "1"]
[SourceVersionDate "2023.10.10"]
[SourceQuality "1"]

1. d4 d5 2. c4 c6 3. Nf3 Nf6 4. Qc2 dxc4 5. Qxc4 Bf5 6. Nc3 e6 7. g3 Nbd7 8. Bg2 h6 9. 0-0 Be7 10. Re1 0-0 11. e4 Bh7 12. Bf4 Rc8 13. Qb3 Qb6 14. d5 exd5 15. exd5 Bc5 16. Qxb6 axb6 17. dxc6 bxc6 18. h3 g5 19. Be3 Bb4 20. h4 gxh4 21. Bxh6 hxg3 22. Bxf8 gxf2+ 23. Kxf2 Kxf8 24. Bh3 Ra8 25. Ng5 Bg6 26. Bg2 Ra5 27. Nge4 Rf5+ 28. Kg1 Nxe4 29. Bxe4 Bc5+ 30. Kg2 Rg5+ 31. Kh3 Rh5+ 32. Kg2 Ne5 33. Bxg6 Nxg6 34. Ne4 Bd4 35. Rab1 Nf4+ 36. Kf3 Nd3 37. Red1 Ne5+ 38. Kg3 c5 39. b3 f5 40. Nf6 Rh6 41. Nd5 Rd6 42. Nf4 Ng4 43. Ne2 Be5+ 44. Kf3 Nh2+ 45. Kf2 Ng4+ 46. Kf3 Nh2+ 47. Kf2 Re6 48. Rd8+ Ke7 49. Rd3 Ng4+ 50. Kf1 f4 51. Rbd1 Ne3+ 52. Kf2 Nxd1+ 53. Rxd1 Rd6 54. Rxd6 Kxd6 55. Kf3 Kd5 56. Nxf4+ Bxf4 57. Kxf4 Kd4 58. Kf3 Kc3 59. Ke3 Kb2 60. Kd3 Kxa2 61. Kc3 b5 62. b4 c4 0-1

[Event "Lignano Sabbiadoro op 1st"]
[Site "Lignano Sabbiadoro"]
[Date "2015.08.02"]
[Round "3.5"]
[White "Luciani, Valerio"]
[Black "Simonetto, Adriano"]
[Result "1-0"]
[WhiteElo "2214"]
[BlackElo "2065"]
[PlyCount "80"]
[EventDate "2015.08.01"]
[EventType "swiss"]
[EventRounds "9"]
[EventCountry "ITA"]
[SourceTitle "EXT 2024"]
[Source "ChessBase"]
[SourceDate "2023.10.10"]
[SourceVersion "1"]
[SourceVersionDate "2023.10.10"]
[SourceQuality "1"]

1. d4 d5 2. c4 e6 3. Nc3 c6 4. e4 dxe4 5. Nxe4 Nf6 6. Nc3 Bd6 7. Nf3 Nbd7 8. Bg5 0-0 9. Be2 e5 10. 0-0 exd4 11. Qxd4 Nc5 12. Rad1 Be7 13. Bxf6 gxf6 14. Qe3 Qc7 15. b4 Ne6 16. g3 Ng7 17. Bd3 Bf5 18. Ne4 Rfe8 19. Qh6 Bg6 20. Qc1 Bxe4 21. Bxe4 f5 22. Bc2 Bxb4 23. Qb1 Qe7 24. Bxf5 Nxf5 25. Qxf5 Qe6 26. Qb1 a5 27. Rd4 Qg6 28. Qb2 Rad8 29. Ne5 Qf5 30. Nxf7 Kxf7 31. Rf4 Qxf4 32. gxf4 Rd2 33. Qb1 Rg8+ 34. Kh1 Rg6 35. a3 Bxa3 36. Qxb7+ Kg8 37. Qa8+ Bf8 38. Qxa5 Rd4 39. f5 Rf6 40. Rg1+ Kf7 1-0

[Event "Lignano Sabbiadoro op 1st"]
[Site "Lignano Sabbiadoro"]
[Date "2015.08.02"]
[Round "2.10"]
[White "Simonetto, Adriano"]
[Black "Berezin, Nikolai"]
[Result "1-0"]
[WhiteElo "2065"]
[BlackElo "1932"]
[PlyCount "67"]
[EventDate "2015.08.01"]
[EventType "swiss"]
[EventRounds "9"]
[EventCountry "ITA"]
[SourceTitle "EXT 2024"]
[Source "ChessBase"]
[SourceDate "2023.10.10"]
[SourceVersion "1"]
[SourceVersionDate "2023.10.10"]
[SourceQuality "1"]

1. d4 Nf6 2. c4 g6 3. Nc3 Bg7 4. g3 0-0 5. Bg2 d6 6. Nf3 c6 7. 0-0 Nbd7 8. h3 Qc7 9. e4 e5 10. Be3 exd4 11. Nxd4 Re8 12. Qc2 Nf8 13. Rae1 Ne6 14. f4 Nh5 15. Nde2 f5 16. exf5 gxf5 17. Kh2 Nf6 18. Nd4 Nxd4 19. Bxd4 Bd7 20. Qd3 Rad8 21. Rxe8+ Rxe8 22. Rd1 Be6 23. b3 Qf7 24. Bxa7 b5 25. cxb5 Qxa7 26. bxc6 Bc8 27. Nb5 Qxa2 28. Rd2 Qa6 29. Nxd6 Qxd3 30. Rxd3 Rd8 31. c7 Rxd6 32. Rxd6 Nd7 33. Bc6 Nb6 34. Bb5 1-0

[Event "Padova Del Santo op 1st"]
[Site "Padova"]
[Date "2014.02.15"]
[Round "2"]
[White "Simonetto, Adriano"]
[Black "Caldonazzo, Matteo"]
[Result "1/2-1/2"]
[WhiteElo "2055"]
[BlackElo "1940"]
[PlyCount "28"]
[EventDate "2014.02.14"]
[EventType "swiss"]
[EventRounds "5"]
[EventCountry "ITA"]
[SourceTitle "EXT 2022"]
[Source "ChessBase"]
[SourceDate "2021.10.06"]
[SourceVersion "1"]
[SourceVersionDate "2021.10.06"]
[SourceQuality "1"]

1. d4 Nf6 2. c4 e6 3. Nc3 Bb4 4. e3 0-0 5. Bd3 c5 6. a3 Bxc3+ 7. bxc3 Nc6 8. Ne2 e5 9. 0-0 d6 10. Ng3 cxd4 11. cxd4 exd4 12. exd4 d5 13. Be3 dxc4 14. Bxc4 Nd5 1/2-1/2

[Event "Venice Autumn op 19th"]
[Site "Venice"]
[Date "2013.11.02"]
[Round "2"]
[White "Simonetto, Adriano"]
[Black "Guerra, Alessandro"]
[Result "1/2-1/2"]
[WhiteElo "2067"]
[BlackElo "2226"]
[PlyCount "33"]
[EventDate "2013.11.01"]
[EventType "swiss"]
[EventRounds "5"]
[EventCountry "ITA"]
[SourceTitle "EXT 2015"]
[Source "ChessBase"]
[SourceDate "2014.11.20"]
[SourceVersion "1"]
[SourceVersionDate "2014.11.20"]
[SourceQuality "1"]

1. d4 Nf6 2. c4 g6 3. Nc3 Bg7 4. g3 d5 5. cxd5 Nxd5 6. Bg2 Nb6 7. Nf3 Nc6 8. e3 0-0 9. 0-0 h6 10. Re1 a5 11. h3 a4 12. Rb1 Ra5 13. Bd2 e5 14. Ne2 Ra8 15. Nxe5 Nxe5 16. dxe5 Bxe5 17. Bc3 1/2-1/2

[Event "Chioggia op-A 08th"]
[Site "Chioggia"]
[Date "2013.10.13"]
[Round "4"]
[White "Simonetto, Adriano"]
[Black "Negro, Roberto"]
[Result "1/2-1/2"]
[WhiteElo "2017"]
[BlackElo "2187"]
[PlyCount "53"]
[EventDate "2013.10.10"]
[EventType "swiss"]
[EventRounds "5"]
[EventCountry "ITA"]
[SourceTitle "EXT 2024"]
[Source "ChessBase"]
[SourceDate "2023.10.10"]
[SourceVersion "1"]
[SourceVersionDate "2023.10.10"]
[SourceQuality "1"]

1. d4 Nf6 2. c4 e6 3. Nc3 Bb4 4. e3 b6 5. Bd3 Bb7 6. Nf3 Ne4 7. Qc2 f5 8. 0-0 Bxc3 9. bxc3 0-0 10. Nd2 Qh4 11. f3 Nxd2 12. Bxd2 Nc6 13. Be1 Qh6 14. Qe2 Rae8 15. Bf2 e5 16. e4 fxe4 17. fxe4 d6 18. c5 exd4 19. cxd4 dxc5 20. dxc5 Ne5 21. cxb6 axb6 22. Bc2 Qd6 23. Rad1 Qe7 24. Bd4 Rxf1+ 25. Rxf1 Qd6 26. Ba1 Qc5+ 27. Qf2 1/2-1/2

[Event "Chioggia op-A 08th"]
[Site "Chioggia"]
[Date "2013.10.13"]
[Round "5"]
[White "Vianello, Enrico"]
[Black "Simonetto, Adriano"]
[Result "1/2-1/2"]
[WhiteElo "2144"]
[BlackElo "2017"]
[PlyCount "67"]
[EventDate "2013.10.10"]
[EventType "swiss"]
[EventRounds "5"]
[EventCountry "ITA"]
[SourceTitle "EXT 2024"]
[Source "ChessBase"]
[SourceDate "2023.10.10"]
[SourceVersion "1"]
[SourceVersionDate "2023.10.10"]
[SourceQuality "1"]

1. Nf3 d5 2. d4 Nf6 3. c4 e6 4. Bg5 h6 5. Bxf6 Qxf6 6. Nc3 c6 7. e3 g6 8. Bd3 Bg7 9. 0-0 0-0 10. Qe2 Nd7 11. cxd5 exd5 12. b4 Qd6 13. Rab1 Re8 14. Qc2 Nf8 15. Na4 Bg4 16. Nd2 f5 17. Nc5 Re7 18. g3 Ne6 19. Nxe6 Qxe6 20. b5 Bh3 21. Rfc1 cxb5 22. Rxb5 f4 23. exf4 Bxd4 24. Nf3 Bb6 25. Rbb1 Rc7 26. Qd2 Rxc1+ 27. Rxc1 Qf6 28. Bf1 Be6 29. Bg2 Kg7 30. Rd1 Rd8 31. Nd4 Bxd4 32. Qxd4 Qxd4 33. Rxd4 Rc8 34. Bf3 1/2-1/2

[Event "Mare di Fano op 2nd"]
[Site "Fano"]
[Date "2013.08.02"]
[Round "6"]
[White "Bonagura, Stefano"]
[Black "Simonetto, Adriano"]
[Result "1/2-1/2"]
[WhiteElo "2165"]
[BlackElo "2026"]
[PlyCount "87"]
[EventDate "2013.07.29"]
[EventType "swiss"]
[EventRounds "9"]
[EventCountry "ITA"]
[SourceTitle "EXT 2015"]
[Source "ChessBase"]
[SourceDate "2014.11.20"]
[SourceVersion "1"]
[SourceVersionDate "2014.11.20"]
[SourceQuality "1"]

1. c4 e6 2. g3 d5 3. Bg2 Nf6 4. Nf3 dxc4 5. Na3 Bxa3 6. bxa3 Nbd7 7. a4 0-0 8. Ba3 Re8 9. Rc1 e5 10. Rxc4 e4 11. Ng5 Ne5 12. Rc1 h6 13. Nxe4 Nd3+ 14. exd3 Qxd3 15. Qc2 Qxa3 16. 0-0 Nxe4 17. Bxe4 c6 18. Rb1 Bh3 19. Rfe1 Re7 20. Re3 Qd6 21. Reb3 Rae8 22. Re3 Qd4 23. Rbe1 Re5 24. a5 a6 25. a3 R8e6 26. Qb1 Kh8 27. Bd3 Qd5 28. Bf1 Bxf1 29. Rxf1 Rxe3 30. dxe3 Qxa5 31. Qxb7 Kg8 32. Qb2 Kh7 33. Qb7 Qxa3 34. Qxf7 Rf6 35. Qc4 a5 36. Qe4+ Kg8 37. Rd1 Qf8 38. f4 Rd6 39. Qc4+ Kh8 40. Ra1 Qd8 41. Qa4 Qb6 42. Qe4 Qd8 43. Qa4 Qb6 44. Qe4 1/2-1/2

[Event "Mare di Fano op 2nd"]
[Site "Fano"]
[Date "2013.07.31"]
[Round "4"]
[White "Klimentov, Roman"]
[Black "Simonetto, Adriano"]
[Result "1/2-1/2"]
[WhiteElo "2219"]
[BlackElo "2026"]
[PlyCount "81"]
[EventDate "2013.07.29"]
[EventType "swiss"]
[EventRounds "9"]
[EventCountry "ITA"]
[SourceTitle "EXT 2015"]
[Source "ChessBase"]
[SourceDate "2014.11.20"]
[SourceVersion "1"]
[SourceVersionDate "2014.11.20"]
[SourceQuality "1"]

1. e4 e5 2. Nf3 Nc6 3. Bb5 Nf6 4. d3 Bc5 5. 0-0 d6 6. c3 a6 7. Ba4 0-0 8. h3 b5 9. Bc2 d5 10. a4 dxe4 11. dxe4 Qxd1 12. Rxd1 Be6 13. axb5 axb5 14. Rxa8 Rxa8 15. Ng5 Bc4 16. Nd2 Be2 17. Re1 Bh5 18. g4 Bg6 19. Ngf3 h5 20. g5 Ne8 21. Nh4 Nd6 22. Nxg6 fxg6 23. Bb3+ Nf7 24. Bd5 Ra6 25. Nf3 Kf8 26. Kg2 Ncd8 27. b4 Ba7 28. Nh4 Ke8 29. f4 exf4 30. Bxf4 Ne6 31. Nxg6 Nxf4+ 32. Nxf4 Nxg5 33. Nxh5 g6 34. Nf4 Rf6 35. Kg3 Bf2+ 36. Kxf2 Nxh3+ 37. Ke3 Nxf4 38. Kd4 Rd6 39. Rh1 Ne2+ 40. Ke5 Nxc3 41. Rh8+ 1/2-1/2

[Event "Mare di Fano op 2nd"]
[Site "Fano"]
[Date "2013.07.31"]
[Round "3"]
[White "Simonetto, Adriano"]
[Black "Ambartsumova, Karina"]
[Result "1/2-1/2"]
[WhiteElo "2026"]
[BlackElo "2306"]
[PlyCount "84"]
[EventDate "2013.07.29"]
[EventType "swiss"]
[EventRounds "9"]
[EventCountry "ITA"]
[SourceTitle "EXT 2015"]
[Source "ChessBase"]
[SourceDate "2014.11.20"]
[SourceVersion "1"]
[SourceVersionDate "2014.11.20"]
[SourceQuality "1"]

1. d4 Nf6 2. c4 e6 3. Nc3 Bb4 4. Qc2 0-0 5. a3 Bxc3+ 6. Qxc3 d5 7. Bg5 c5 8. dxc5 d4 9. Qd2 e5 10. g3 h6 11. Bxf6 Qxf6 12. Bg2 a5 13. Nh3 Nc6 14. 0-0 a4 15. f4 Qe7 16. fxe5 Qxc5 17. Nf4 Nxe5 18. Nd3 Nxc4 19. Nxc5 Nxd2 20. Rfd1 Ra5 21. Rxd2 Rxc5 22. Rxd4 Rc2 23. Kf2 b5 24. Rb4 Re8 25. Be4 Rc5 26. Bd3 Bd7 27. Rd1 Bc6 28. Rd2 Kf8 29. Rc2 Rxc2 30. Bxc2 Re5 31. Bd3 Ke7 32. Rd4 g5 33. h4 f6 34. e3 Rc5 35. Ke2 Rc1 36. hxg5 fxg5 37. Rb4 Rg1 38. g4 Rg2+ 39. Kf1 Rg3 40. Kf2 Rg2+ 41. Kf1 Rg3 42. Kf2 Rg2+ 1/2-1/2

[Event "Mogliano Veneto op-A 34th"]
[Site "Mogliano Veneto"]
[Date "2013.04.28"]
[Round "5"]
[White "Danieli, Enrico"]
[Black "Simonetto, Adriano"]
[Result "1/2-1/2"]
[WhiteElo "2129"]
[BlackElo "2019"]
[PlyCount "37"]
[EventDate "2013.04.25"]
[EventType "swiss"]
[EventRounds "6"]
[EventCountry "ITA"]
[SourceTitle "EXT 2015"]
[Source "ChessBase"]
[SourceDate "2014.11.20"]
[SourceVersion "1"]
[SourceVersionDate "2014.11.20"]
[SourceQuality "1"]

1. Nc3 d5 2. e4 dxe4 3. Nxe4 e5 4. Bc4 Nc6 5. Nf3 Be7 6. d3 Bg4 7. c3 Qd7 8. b4 0-0-0 9. Qa4 Bxf3 10. gxf3 Nf6 11. Be3 Nd5 12. Bxa7 Nb6 13. Bxb6 cxb6 14. Qb3 Kc7 15. Rd1 Qh3 16. Ke2 f5 17. Ng3 Bxb4 18. Bb5 Bc5 19. Qf7+ 1/2-1/2

[Event "Mogliano Veneto op-A 34th"]
[Site "Mogliano Veneto"]
[Date "2013.04.28"]
[Round "6"]
[White "Simonetto, Adriano"]
[Black "Cardarelli, Angelo"]
[Result "0-1"]
[WhiteElo "2019"]
[BlackElo "1957"]
[PlyCount "76"]
[EventDate "2013.04.25"]
[EventType "swiss"]
[EventRounds "6"]
[EventCountry "ITA"]
[SourceTitle "EXT 2015"]
[Source "ChessBase"]
[SourceDate "2014.11.20"]
[SourceVersion "1"]
[SourceVersionDate "2014.11.20"]
[SourceQuality "1"]

1. d4 Nf6 2. c4 e6 3. Nc3 Bb4 4. e3 b6 5. Bd3 Bb7 6. Nf3 Ne4 7. Qc2 Bxc3+ 8. bxc3 f5 9. 0-0 0-0 10. Nd2 Nxd2 11. Bxd2 Qh4 12. f3 Nc6 13. Be1 Qg5 14. Qe2 Rae8 15. Bg3 d6 16. c5 bxc5 17. dxc5 f4 18. exf4 Qxc5+ 19. Bf2 Qa5 20. Rab1 Ba8 21. Qe4 g6 22. Bb5 d5 23. Qe2 Rxf4 24. Rfd1 Rf5 25. g4 Rff8 26. Bc5 Rf7 27. Bf2 a6 28. Bxa6 Qxc3 29. Rb3 Qf6 30. Bb5 Rb8 31. Bxc6 Rxb3 32. Bxa8 Rxf3 33. Bg3 h5 34. gxh5 gxh5 35. Be5 Qg5+ 36. Kh1 Rf2 37. Rg1 Qxg1+ 38. Kxg1 Rxe2 0-1

[Event "Mogliano Veneto op-A 34th"]
[Site "Mogliano Veneto"]
[Date "2013.04.27"]
[Round "4"]
[White "Simonetto, Adriano"]
[Black "Santolini, Luigi"]
[Result "1-0"]
[WhiteElo "2019"]
[BlackElo "2142"]
[PlyCount "71"]
[EventDate "2013.04.25"]
[EventType "swiss"]
[EventRounds "6"]
[EventCountry "ITA"]
[SourceTitle "EXT 2015"]
[Source "ChessBase"]
[SourceDate "2014.11.20"]
[SourceVersion "1"]
[SourceVersionDate "2014.11.20"]
[SourceQuality "1"]

1. d4 Nf6 2. c4 c5 3. d5 b5 4. cxb5 a6 5. bxa6 g6 6. Nc3 Bxa6 7. Nf3 d6 8. e4 Bxf1 9. Kxf1 Bg7 10. g3 0-0 11. Kg2 Nbd7 12. a4 Ng4 13. Qe2 Qb6 14. Nd2 Ngf6 15. Nc4 Qa6 16. Nb5 Nb6 17. Nxb6 Qxb6 18. Bd2 Ne8 19. Bc3 Nc7 20. Bxg7 Kxg7 21. b4 cxb4 22. Qb2+ Kg8 23. Nxc7 Qxc7 24. Qxb4 Rfb8 25. Qd4 Qa5 26. Rhb1 f6 27. Rxb8+ Rxb8 28. Rc1 Rb4 29. Rc4 Rb3 30. Qd1 Ra3 31. Qg4 f5 32. Qh4 Qa7 33. exf5 Ra2 34. Qf4 Kg7 35. fxg6 hxg6 36. Rc8 1-0

[Event "Padova op-B 15th"]
[Site "Padova"]
[Date "2012.12.23"]
[Round "6"]
[White "Liguori, Michele"]
[Black "Simonetto, Adriano"]
[Result "1/2-1/2"]
[WhiteElo "1733"]
[BlackElo "2001"]
[PlyCount "37"]
[EventDate "2012.12.15"]
[EventType "swiss"]
[EventRounds "6"]
[EventCountry "ITA"]
[SourceTitle "EXT 2015"]
[Source "ChessBase"]
[SourceDate "2014.11.20"]
[SourceVersion "1"]
[SourceVersionDate "2014.11.20"]
[SourceQuality "1"]

1. e4 e5 2. d4 exd4 3. Nf3 Nc6 4. c3 dxc3 5. Nxc3 Bb4 6. Bc4 Bxc3+ 7. bxc3 d6 8. 0-0 Nf6 9. e5 dxe5 10. Qxd8+ Nxd8 11. Nxe5 Be6 12. Ba3 Bxc4 13. Nxc4 Ne6 14. Rfd1 Rd8 15. Na5 Rxd1+ 16. Rxd1 Ne4 17. Nxb7 Nxc3 18. Rd3 Nb5 19. Bb4 1/2-1/2

[Event "Padova op-B 15th"]
[Site "Padova"]
[Date "2012.12.22"]
[Round "4"]
[White "Tomio, Dante"]
[Black "Simonetto, Adriano"]
[Result "1-0"]
[WhiteElo "1845"]
[BlackElo "2001"]
[PlyCount "69"]
[EventDate "2012.12.15"]
[EventType "swiss"]
[EventRounds "6"]
[EventCountry "ITA"]
[SourceTitle "EXT 2015"]
[Source "ChessBase"]
[SourceDate "2014.11.20"]
[SourceVersion "1"]
[SourceVersionDate "2014.11.20"]
[SourceQuality "1"]

1. d4 d5 2. Nf3 Nf6 3. e3 c5 4. Bd3 Qc7 5. b3 cxd4 6. exd4 Bg4 7. Bb2 e6 8. 0-0 Bd6 9. h3 Bh5 10. Nbd2 Nc6 11. a3 0-0 12. Rc1 Qe7 13. Ra1 Rfe8 14. Re1 Qc7 15. c4 dxc4 16. bxc4 Bf4 17. Qc2 Qd6 18. Qc3 Red8 19. g4 Bg6 20. Bxg6 hxg6 21. Ne4 Nxe4 22. Rxe4 f6 23. Rae1 e5 24. d5 Ne7 25. a4 Qd7 26. Ba3 b6 27. Rxf4 Nxd5 28. cxd5 exf4 29. d6 Qxa4 30. Qd3 Re8 31. Rd1 Rad8 32. Nh4 Qe4 33. Nxg6 Qxd3 34. Rxd3 Re4 35. Kg2 1-0

[Event "Venice Autumn op 18th"]
[Site "Venice"]
[Date "2012.11.02"]
[Round "3"]
[White "Gallo, Enrico"]
[Black "Simonetto, Adriano"]
[Result "1/2-1/2"]
[WhiteElo "2092"]
[BlackElo "1992"]
[PlyCount "28"]
[EventDate "2012.11.01"]
[EventType "swiss"]
[EventRounds "6"]
[EventCountry "ITA"]
[SourceTitle "EXT 2013"]
[Source "ChessBase"]
[SourceDate "2012.11.22"]
[SourceVersion "1"]
[SourceVersionDate "2012.11.22"]
[SourceQuality "1"]

1. e4 e5 2. Nf3 Nc6 3. Bb5 Nf6 4. 0-0 Nxe4 5. Re1 Nd6 6. Bxc6 dxc6 7. Nxe5 Be7 8. b3 0-0 9. Bb2 Be6 10. d3 Bf6 11. Nd2 c5 12. Qf3 Re8 13. Rad1 Rb8 14. Nf1 Nb5 1/2-1/2

[Event "Mogliano Veneto op-C 31st"]
[Site "Mogliano Veneto"]
[Date "2010.05.01"]
[Round "3"]
[White "Buso, Gianluca"]
[Black "Simonetto, Adriano"]
[Result "1/2-1/2"]
[WhiteElo "1395"]
[BlackElo "1542"]
[PlyCount "33"]
[EventDate "2010.04.30"]
[EventType "swiss"]
[EventRounds "5"]
[EventCountry "ITA"]
[SourceTitle "EXT 2023"]
[Source "ChessBase"]
[SourceDate "2022.10.05"]
[SourceVersion "1"]
[SourceVersionDate "2022.10.05"]
[SourceQuality "1"]

1. e4 e5 2. Nf3 Nc6 3. d4 exd4 4. Bc4 Nf6 5. 0-0 d6 6. Nxd4 Nxd4 7. Qxd4 Be6 8. Bxe6 fxe6 9. Nc3 Be7 10. Bg5 0-0 11. Rad1 Nd7 12. Bxe7 Qxe7 13. Nb5 Nb6 14. Rfe1 e5 15. Qc3 Rf7 16. Qb3 Kh8 17. Nc3 1/2-1/2

[Event "Mogliano Veneto op-C 31st"]
[Site "Mogliano Veneto"]
[Date "2010.05.01"]
[Round "2"]
[White "Simonetto, Adriano"]
[Black "Bottazzi, Leonardo"]
[Result "1-0"]
[WhiteElo "1542"]
[BlackElo "1436"]
[PlyCount "55"]
[EventDate "2010.04.30"]
[EventType "swiss"]
[EventRounds "5"]
[EventCountry "ITA"]
[SourceTitle "EXT 2023"]
[Source "ChessBase"]
[SourceDate "2022.10.05"]
[SourceVersion "1"]
[SourceVersionDate "2022.10.05"]
[SourceQuality "1"]

1. d4 Nf6 2. c4 c5 3. e3 e6 4. Nc3 d5 5. Nf3 b6 6. b3 Bb7 7. Be2 Be7 8. 0-0 0-0 9. Bb2 Nc6 10. Rc1 Qb8 11. Qc2 dxc4 12. bxc4 Rd8 13. Rfd1 Bd6 14. Nb5 Be7 15. dxc5 bxc5 16. Rxd8+ Bxd8 17. Rd1 Be7 18. Qd2 Ne4 19. Qd7 a6 20. Nc7 Ra7 21. Ne5 Nf6 22. Nxc6 Nxd7 23. Nxb8 Nxb8 24. Be5 Nc6 25. Bd6 Bd8 26. Bxc5 Bxc7 27. Bxa7 Nxa7 28. Rd7 1-0

[Event "Padova/Monselice Province 70th"]
[Site "Padova"]
[Date "2010.01.15"]
[Round "1.5"]
[White "Simonetto, Adriano"]
[Black "Binder, Andrea"]
[Result "0-1"]
[WhiteElo "1491"]
[BlackElo "1866"]
[PlyCount "44"]
[EventDate "2010.01.15"]
[EventType "swiss"]
[EventRounds "5"]
[EventCountry "ITA"]
[SourceTitle "EXT 2024"]
[Source "ChessBase"]
[SourceDate "2023.10.10"]
[SourceVersion "1"]
[SourceVersionDate "2023.10.10"]
[SourceQuality "1"]

1. d4 d6 2. e4 Nf6 3. Nc3 g6 4. Bg5 Bg7 5. g3 h6 6. Be3 0-0 7. h3 Nbd7 8. Qd2 Kh7 9. 0-0-0 c6 10. Bd3 Qc7 11. g4 b5 12. g5 hxg5 13. Bxg5 Bb7 14. h4 e5 15. d5 b4 16. Nce2 c5 17. b3 c4 18. bxc4 Qa5 19. Kb1 Nh5 20. f4 exf4 21. Nxf4 Qa3 22. Nxh5 Qb2# 0-1